MDQL
is popping MORE tags! Check the
thread
!
Quizzes
Events
Quiz Creation
Community
Videos
Private Events
Remove Ads
Sign In
Join for FREE
Feedback
Dark Mode
Quiz Categories
Sports
Geography
Music
Movies
Television
Just For Fun
Miscellaneous
History
Literature
Language
Science
Gaming
Entertainment
Religion
Holiday
For Kids
Quiz Lab
Recent
Popular Today
Quiz Kudos Today
Editor Picks
Curator Picks
Quizzes by...
Day
Popularity
Type
Ratings
Length
Year
Community
Subscriptions
Recent Discussions
Orange Saloon
Badges
Playlists
Quests
Create
Leaderboards
Showdown
Live 5
Trivia Bingo
Activity
Puzzle Library
Sporcle Events
Private Events
Virtual Trivia
Globe League
Become a Host
Pub Owners
SporcleCon
Opinionation
Our Games
Videos
Blog
Mobile Apps
Partnerships
Remove Ads and Go Orange
Feedback
Sports
Athletes
MLB
NBA
NHL
NFL
Soccer
Sports Teams
WWE
NCAA
Football
Premier League
Basketball
Baseball
Hockey
Golf
Tennis
Cricket
Rugby
Auto Racing
Olympics
World Cup
Sports
Athletes
MLB
NBA
NHL
NFL
Soccer
Sports Teams
WWE
NCAA
Football
Premier League
Basketball
Baseball
Hockey
Golf
Tennis
Cricket
Rugby
Auto Racing
Olympics
World Cup
Random Quiz
Search Sporcle
×
Quiz Lab
Quiz Lab
Sports
Football
Type in answers that appear in a list
Type in answers that appear in a list
Classic
Best Score? Go Orange.
2000-2004 West Playoff Starters (NBA) Stats
Can you name the 2000-2004 West Playoff Starters (NBA)?
By
jfeyerer
15m
200 Questions
2,657 Plays
2,657 Plays
2,657 Plays
Comments
Comments
Give Quiz Kudos
Give Quiz Kudos
-
- Ratings
hide this ad
Replay
Link that replays current quiz
Next Quiz
Link to next quiz in quiz playlist
You Got
0%
They Got
Avg Score
60%
Avg Friend Score
Upgrade to see
Score Distribution
Jump to the score distribution portion of the page
Score
0/200
Timer
15:00
0
Plays Today
Team
Player
% Correct
04 -
#2 LAL***
K. Bryant
97.3%
03 -
#5 LAL*
K. Bryant
97.3%
02 -
#3 LAL****
K. Bryant
97.3%
01 -
#2 LAL****
K. Bryant
97.3%
00 -
#1 LAL****
K. Bryant
97.3%
04 -
#1 MIN**
K. Garnett
96.5%
03 -
#4 MIN
K. Garnett
96.5%
02 -
#5 MIN
K. Garnett
96.5%
01 -
#8 MIN
K. Garnett
96.5%
00 -
#6 MIN
K. Garnett
96.5%
04 -
#2 LAL***
S. O'Neal
95.7%
03 -
#5 LAL*
S. O'Neal
95.7%
02 -
#3 LAL****
S. O'Neal
95.7%
01 -
#2 LAL****
S. O'Neal
95.7%
00 -
#1 LAL****
S. O'Neal
95.7%
04 -
#3 SA*
T. Duncan
93.8%
03 -
#1 SA****
T. Duncan
93.8%
02 -
#2 SA*
T. Duncan
93.8%
01 -
#1 SA**
T. Duncan
93.8%
04 -
#3 SA*
T. Parker
92.2%
03 -
#1 SA****
T. Parker
92.2%
02 -
#2 SA*
T. Parker
92.2%
04 -
#5 DAL
D. Nowitzki
90.9%
03 -
#3 DAL**
D. Nowitzki
90.9%
02 -
#4 DAL*
D. Nowitzki
90.9%
01 -
#5 DAL*
D. Nowitzki
90.9%
04 -
#5 DAL
S. Nash
88.2%
03 -
#3 DAL**
S. Nash
88.2%
02 -
#4 DAL*
S. Nash
88.2%
01 -
#5 DAL*
S. Nash
88.2%
04 -
#4 SAC*
C. Webber
87.3%
03 -
#2 SAC*
C. Webber
87.3%
02 -
#1 SAC**
C. Webber
87.3%
01 -
#3 SAC*
C. Webber
87.3%
00 -
#8 SAC
C. Webber
87.3%
03 -
#5 LAL*
D. Fisher
87%
02 -
#3 LAL****
D. Fisher
87%
01 -
#2 LAL****
D. Fisher
87%
03 -
#1 SA****
D. Robinson
86.9%
02 -
#2 SA*
D. Robinson
86.9%
01 -
#1 SA**
D. Robinson
86.9%
00 -
#4 SA
D. Robinson
86.9%
01 -
#6 PHO
C. Robinson
86.9%
00 -
#5 PHO*
C. Robinson
86.9%
04 -
#2 LAL***
K. Malone
86.3%
03 -
#7 UTA
K. Malone
86.3%
02 -
#8 UTA
K. Malone
86.3%
01 -
#4 UTA
K. Malone
86.3%
00 -
#2 UTA*
K. Malone
86.3%
04 -
#2 LAL***
G. Payton
84.3%
02 -
#7 SEA
G. Payton
84.3%
00 -
#7 SEA
G. Payton
84.3%
04 -
#4 SAC*
M. Bibby
82.9%
03 -
#2 SAC*
M. Bibby
82.9%
02 -
#1 SAC**
M. Bibby
82.9%
04 -
#6 MEM
P. Gasol
82.2%
03 -
#7 UTA
J. Stockton
80.9%
02 -
#8 UTA
J. Stockton
80.9%
01 -
#4 UTA
J. Stockton
80.9%
00 -
#2 UTA*
J. Stockton
80.9%
04 -
#4 SAC*
V. Divac
78.8%
03 -
#2 SAC*
V. Divac
78.8%
02 -
#1 SAC**
V. Divac
78.8%
01 -
#3 SAC*
V. Divac
78.8%
00 -
#8 SAC
V. Divac
78.8%
04 -
#4 SAC*
P. Stojakovic
78%
03 -
#2 SAC*
P. Stojakovic
78%
Team
Player
% Correct
02 -
#1 SAC**
P. Stojakovic
78%
01 -
#3 SAC*
P. Stojakovic
78%
04 -
#1 MIN**
S. Cassell
77.3%
04 -
#8 DEN
C. Anthony
77.2%
01 -
#6 PHO
J. Kidd
76.7%
00 -
#5 PHO*
J. Kidd
76.7%
04 -
#7 HOU
Y. Ming
76.3%
04 -
#1 MIN**
E. Johnson
74%
00 -
#4 SA
A. Johnson
74%
04 -
#6 MEM
J. Williams
73.4%
03 -
#8 PHO
S. Williams
73.4%
01 -
#3 SAC*
J. Williams
73.4%
00 -
#7 SEA
S. Williams
73.4%
00 -
#8 SAC
J. Williams
73.4%
04 -
#2 LAL***
R. Fox
73.1%
03 -
#5 LAL*
R. Fox
73.1%
02 -
#3 LAL****
R. Fox
73.1%
01 -
#2 LAL****
R. Fox
73.1%
04 -
#5 DAL
M. Finley
71.5%
03 -
#3 DAL**
M. Finley
71.5%
02 -
#4 DAL*
M. Finley
71.5%
01 -
#5 DAL*
M. Finley
71.5%
04 -
#3 SA*
B. Bowen
70.4%
03 -
#1 SA****
B. Bowen
70.4%
02 -
#2 SA*
B. Bowen
70.4%
03 -
#6 POR
R. Wallace
70.2%
02 -
#6 POR
R. Wallace
70.2%
01 -
#7 POR
R. Wallace
70.2%
00 -
#3 POR**
R. Wallace
70.2%
03 -
#5 LAL*
R. Horry
66.7%
04 -
#7 HOU
J. Jackson
65.9%
03 -
#1 SA****
S. Jackson
65.9%
02 -
#2 SA*
S. Smith
65.8%
01 -
#7 POR
S. Smith
65.8%
00 -
#3 POR**
S. Smith
65.8%
04 -
#7 HOU
S. Francis
65.6%
04 -
#4 SAC*
D. Christie
65.5%
03 -
#2 SAC*
D. Christie
65.5%
02 -
#1 SAC**
D. Christie
65.5%
01 -
#3 SAC*
D. Christie
65.5%
03 -
#8 PHO
A. Stoudemire
64.8%
03 -
#8 PHO
S. Marion
64.7%
01 -
#6 PHO
S. Marion
64.7%
00 -
#5 PHO*
S. Marion
64.7%
04 -
#6 MEM
M. Miller
64.7%
04 -
#8 DEN
A. Miller
64.7%
04 -
#1 MIN**
L. Sprewell
64%
03 -
#8 PHO
S. Marbury
63.5%
03 -
#6 POR
D. Stoudamire
58.9%
02 -
#6 POR
D. Stoudamire
58.9%
01 -
#7 POR
D. Stoudamire
58.9%
00 -
#3 POR**
D. Stoudamire
58.9%
02 -
#6 POR
S. Pippen
56.4%
01 -
#7 POR
S. Pippen
56.4%
00 -
#3 POR**
S. Pippen
56.4%
04 -
#8 DEN
M. Camby
54.5%
02 -
#7 SEA
R. Lewis
53.9%
00 -
#7 SEA
R. Lewis
53.9%
03 -
#4 MIN
W. Szczerbiak
52.4%
02 -
#5 MIN
W. Szczerbiak
52.4%
01 -
#8 MIN
W. Szczerbiak
52.4%
00 -
#6 MIN
W. Szczerbiak
52.4%
01 -
#2 LAL****
H. Grant
52.2%
00 -
#7 SEA
H. Grant
52.2%
00 -
#2 UTA*
J. Hornacek
51%
03 -
#7 UTA
G. Ostertag
48.2%
00 -
#1 LAL****
R. Harper
48.2%
Team
Player
% Correct
01 -
#5 DAL*
J. Howard
45.7%
04 -
#7 HOU
C. Mobley
45.3%
02 -
#8 UTA
A. Kirilenko
44.6%
02 -
#8 UTA
B. Russell
44.2%
01 -
#4 UTA
B. Russell
44.2%
00 -
#2 UTA*
B. Russell
44.2%
01 -
#7 POR
A. Sabonis
44.1%
00 -
#3 POR**
A. Sabonis
44.1%
00 -
#1 LAL****
A. Green
44%
03 -
#6 POR
D. Davis
41.4%
02 -
#6 POR
D. Davis
41.4%
00 -
#4 SA
S. Elliott
41.4%
00 -
#1 LAL****
G. Rice
41%
03 -
#3 DAL**
S. Bradley
39.4%
01 -
#5 DAL*
S. Bradley
39.4%
03 -
#6 POR
B. Wells
37.4%
02 -
#6 POR
B. Wells
37.4%
04 -
#3 SA*
R. Nesterovic
36.4%
03 -
#4 MIN
R. Nesterovic
36.4%
02 -
#5 MIN
R. Nesterovic
36.4%
00 -
#6 MIN
R. Nesterovic
36.4%
03 -
#6 POR
D. Anderson
35.7%
01 -
#1 SA**
D. Anderson
35.7%
00 -
#8 SAC
N. Anderson
35.7%
04 -
#5 DAL
A. Walker
35.6%
02 -
#3 LAL****
S. Walker
35.6%
00 -
#4 SA
S. Walker
35.6%
01 -
#8 MIN
T. Brandon
34.4%
00 -
#6 MIN
T. Brandon
34.4%
02 -
#5 MIN
C. Billups
33.5%
02 -
#7 SEA
V. Baker
28.1%
00 -
#7 SEA
V. Baker
28.1%
02 -
#7 SEA
B. Barry
26.9%
03 -
#8 PHO
A. Hardaway
26.6%
00 -
#5 PHO*
A. Hardaway
26.6%
04 -
#1 MIN**
T. Hassell
26.1%
03 -
#7 UTA
M. Harpring
25.6%
01 -
#6 PHO
M. Elie
24.1%
00 -
#4 SA
M. Elie
24.1%
03 -
#4 MIN
T. Hudson
23.9%
04 -
#3 SA*
H. Turkoglu
23.3%
04 -
#6 MEM
L. Wright
20.2%
02 -
#7 SEA
D. Mason
20%
03 -
#3 DAL**
R. LaFrentz
18.6%
02 -
#4 DAL*
R. LaFrentz
18.6%
04 -
#8 DEN
V. Lenard
18.1%
04 -
#8 DEN
N. Hilario
17.4%
01 -
#1 SA**
T. Porter
16.5%
00 -
#8 SAC
C. Williamson
15.8%
03 -
#4 MIN
A. Peeler
15.4%
01 -
#8 MIN
A. Peeler
15.4%
04 -
#5 DAL
M. Daniels
14.6%
04 -
#7 HOU
K. Cato
13.7%
04 -
#6 MEM
J. Posey
13.4%
02 -
#8 UTA
J. Collins
11.6%
01 -
#4 UTA
O. Polynice
11.4%
00 -
#2 UTA*
O. Polynice
11.4%
02 -
#4 DAL*
E. Najera
10.5%
02 -
#5 MIN
S. Mitchell
10.4%
01 -
#4 UTA
D. Marshall
9.7%
00 -
#6 MIN
M. Sealy
9.4%
00 -
#5 PHO*
L. Longley
8.9%
01 -
#8 MIN
D. Garrett
8.7%
01 -
#1 SA**
D. Ferry
8.1%
01 -
#6 PHO
J. Tsakalidis
6.2%
03 -
#7 UTA
C. Cheaney
3.8%
Quiz Playlist
Details
Report
Send in Message
Add To Playlist
Classic:
Type in answers that appear in a list
Last Updated: Feb 16, 2017
Quiz Scoreboard
CHALLENGE
Sign Up to Join the Scoreboard
Show All
Scores
Hide
Comments
May contain spoilers
Recently Published
Find the 'City' Movie
by crazypaving
Movies
60s
5x2 Blitz: Bands
by SL_Kpop136
Music
30s
Colored Red Africa Blitz
by spor1
Geography
30s
More to Explore
Quiz From the Vault
Featured Blog Post
14 Easter Pick-up Lines to Find Eggs With
hide this ad
You Might Also Like...
Tags
Basketball Quiz
Football Quiz
NBA Quiz
2000s
Player
Playoff
Playoff Starters
Starter
team
West
Today's Top Quizzes in Sports
Browse Sports
hide this ad
Today's Top Quizzes in Football
Browse Football
Top Contributed Quizzes in Sports
1
Players with Multiple 50 Home Run Seasons
2
Criteria MLB: Left Handed Sluggers
3
MLB Players with Two .350 Batting Average Seasons
4
Who Hit More Homers?
5
Premier League Clubs since 2000 (minefield)
6
Who Needs Fielders?
7
2020 F1 Drivers Logic Puzzle
8
Les entraîneurs de l'OM et du PSG au 21e siècle
9
Top 10 NHL Goal Scorers of All Time
10
MLB Hall of Famer by Rings
Explore More
Trending Topics
NBA
Anime
Kpop
Crossword
Disney
Marvel
Harry Potter
Song
The Office
Puzzle
Soccer
Pokémon
WWE
Country
NFL
hide this ad
More By:
jfeyerer
Quiz
Plays
Rating
Category
Featured
Created
2000-2004 West Playoff Starters (NBA)
2,657
4.56
Sports
Dec 16, 2009
2000-2004 East Playoff Starters (NBA)
2,327
4.47
Sports
Dec 16, 2009
Cy Young Vote Totals 1985-2009
2,035
4.21
Sports
Dec 18, 2009
East. Conf. Playoff Starters (2005-2009)
687
4.25
Sports
Dec 14, 2009
West. Conf. Playoff Starters (2005-2009)
491
5.00
Sports
Dec 14, 2009
Go to Creator's Profile
Score Distribution
Quiz Creator Spotlight
jfeyerer
Follow
Send a Message
Quizzes Created
-
Created Quiz Play Count
-
More By This Creator
Popular Quizzes Today
1
Colored Red Africa Blitz
2
Find the 'City' Movie
3
5x2 Blitz: Bands
4
Find the US States - No Outlines Minefield
5
The Countries of the World
6
Find the US States
7
US States
8
9x9 Crossword: Cartoon Network
More Sports Quizzes
Rugby World Cup Multiple Choice
Quiz Lab
Trending Quizzes
Colored Red Europe Blitz I
Colored Red Africa Blitz II
Colored Red Europe Blitz II
Colored Red Europe Blitz III
Colored Red Africa Blitz III
Recently Updated
Famous TV Couples
Peacemaker
Champions League XIs: Real Madrid
pecheneg
Largest US Cities 1790-2010
pecheneg
Rides in Walt Disney World
pecheneg
Most Oscar Losses (Acting)
pecheneg
Beyoncé Albums
pecheneg
Leaping Animals
pecheneg
Reality TV Shows (A-Z)
bhenderson79
Rickey Henderson's Hall of Fame Teammates
pecheneg
Champions League XIs: Arsenal
pecheneg
Trending Topics
Kpop
Crossword
Harry Potter
NBA
Disney
Marvel
Anime
Puzzle
Country
The Office
Pokémon
NFL
WWE
Soccer
Song
Your Account Isn't Verified!
In order to create a playlist on Sporcle, you need to verify the email address you used during registration. Go to your
Sporcle Settings
to finish the process.
Report this User
Report this user for behavior that violates our
Community Guidelines
.
Details:
Send Report
Go to the Sporcle.com Mobile Site →
Comments